[Event "Mittelrhein Verbandsliga-N 17/18"]
[Site "Nordrheinwestfalen"]
[Date "2017.10.22"]
[Round "3.7"]
[White "Scheeren, Carlos"]
[Black "Ipekyilmaz, Tayfun"]
[Result "1-0"]
[WhiteElo "1761"]
[BlackElo "1700"]
[PlyCount "67"]
[EventDate "2017.09.10"]
[EventType "team-swiss"]
[EventRounds "11"]
[EventCountry "GER"]
[SourceTitle "EXT 2022"]
[Source "ChessBase"]
[SourceDate "2021.10.06"]
[SourceVersion "1"]
[SourceVersionDate "2021.10.06"]
[SourceQuality "1"]
[WhiteTeam "Kalker/Deutzer SG"]
[BlackTeam "Langenfeld II"]
[WhiteTeamCountry "GER"]
[BlackTeamCountry "GER"]

1. e4 e5 2. Nf3 Nc6 3. Bc4 Nf6 4. d3 Be7 5. c3 0-0 6. Bb3 d6 7. Nbd2 Bg4 8. Nf1 h6 9. h3 Bh5 10. g4 Bg6 11. Ng3 d5 12. Qe2 dxe4 13. dxe4 Nd7 14. Bd2 Nc5 15. Bc2 Ne6 16. 0-0-0 Qb8 17. Rdg1 Nf4 18. Qe3 Bd6 19. h4 Na5 20. b3 c5 21. h5 Bh7 22. g5 Kh8 23. gxh6 gxh6 24. Nh4 Rg8 25. Ngf5 Rxg1+ 26. Rxg1 Bf8 27. Qf3 c4 28. Qg4 cxb3 29. axb3 Qc7 30. Kb2 Rc8 31. Rg3 Qc5 32. c4 Qa3+ 33. Kb1 Bb4 34. Qg7# 1-0

[Event "Solingen Karneval op"]
[Site "Solingen"]
[Date "2017.02.26"]
[Round "5"]
[White "Borchert, Stephan"]
[Black "Ipekyilmaz, Tayfun"]
[Result "1-0"]
[WhiteElo "1934"]
[BlackElo "1697"]
[PlyCount "53"]
[EventDate "2017.02.24"]
[EventType "swiss"]
[EventRounds "5"]
[EventCountry "GER"]
[SourceTitle "EXT 2018"]
[Source "ChessBase"]
[SourceDate "2017.10.13"]
[SourceVersion "1"]
[SourceVersionDate "2017.10.13"]
[SourceQuality "1"]

1. e4 e5 2. Nf3 Nc6 3. Bc4 Nf6 4. d4 exd4 5. e5 d5 6. Bb5 Bb4+ 7. c3 dxc3 8. bxc3 Be7 9. exf6 Bxf6 10. Ba3 Be6 11. Nd4 Bxd4 12. Qxd4 Qg5 13. Nd2 a6 14. Bxc6+ bxc6 15. Qc5 Kd7 16. Nb3 Rhe8 17. 0-0 Bh3 18. g3 Bxf1 19. Rxf1 Qg6 20. c4 Qd6 21. Qa5 Qe5 22. Nc5+ Kc8 23. Qa4 Qf6 24. cxd5 Re2 25. Qg4+ Re6 26. dxe6 fxe6 27. Nxe6 1-0

[Event "Cologne Longerich op-B 13th"]
[Site "Cologne"]
[Date "2016.08.13"]
[Round "2"]
[White "Beissel, Daniel"]
[Black "Ipekyilmaz, Tayfun"]
[Result "0-1"]
[WhiteElo "1534"]
[BlackElo "1640"]
[PlyCount "92"]
[EventDate "2016.08.12"]
[EventType "swiss"]
[EventRounds "5"]
[EventCountry "GER"]
[SourceTitle "EXT 2022"]
[Source "ChessBase"]
[SourceDate "2021.10.06"]
[SourceVersion "1"]
[SourceVersionDate "2021.10.06"]
[SourceQuality "1"]

1. d4 Nf6 2. Nf3 g6 3. e3 Bg7 4. Bd3 d5 5. Nbd2 0-0 6. 0-0 Nbd7 7. c3 c5 8. Re1 b6 9. e4 dxe4 10. Nxe4 Bb7 11. dxc5 Nxc5 12. Nxc5 bxc5 13. Bg5 Qd6 14. Bxf6 Bxf6 15. Be4 Qb6 16. Bxb7 Qxb7 17. Qc2 Rab8 18. Rab1 Rfd8 19. Ne5 Qd5 20. Qe4 Qxe4 21. Rxe4 Rxb2 22. Rbe1 Bxe5 23. Rxe5 Rdd2 24. Rf1 Rdc2 25. Rxe7 Rxa2 26. Re3 Ra3 27. c4 Rxe3 28. fxe3 Rxc4 29. Ra1 Re4 30. Kf2 Re7 31. Ra5 Rc7 32. Ke2 c4 33. Kd2 Kf8 34. Kc3 Ke7 35. Rd5 Ke6 36. Rb5 f5 37. g3 Kd6 38. h3 a6 39. Rb6+ Kd5 40. Rb8 Ke4 41. Re8+ Kf3 42. g4 fxg4 43. hxg4 Kxg4 44. e4 h5 45. e5 h4 46. Re6 h3 0-1

[Event "Mittelrhein Verbandsliga-M 15/16"]
[Site "Nordrheinwestfalen"]
[Date "2015.12.13"]
[Round "5.8"]
[White "Ipekyilmaz, Tayfun"]
[Black "Bosbach, Manfred"]
[Result "1-0"]
[WhiteElo "1600"]
[BlackElo "1710"]
[PlyCount "133"]
[EventDate "2015.09.06"]
[EventType "team-tourn"]
[EventRounds "11"]
[EventCountry "GER"]
[SourceTitle "EXT 2022"]
[Source "ChessBase"]
[SourceDate "2021.10.06"]
[SourceVersion "1"]
[SourceVersionDate "2021.10.06"]
[SourceQuality "1"]
[WhiteTeam "Langenfeld II"]
[BlackTeam "Bergische SF"]
[WhiteTeamCountry "GER"]
[BlackTeamCountry "GER"]

1. e4 c5 2. d4 cxd4 3. c3 dxc3 4. Nxc3 e6 5. Bc4 Nc6 6. Nf3 a6 7. a4 Bb4 8. 0-0 Nge7 9. Be3 0-0 10. Qc2 Ng6 11. Rfd1 Nce5 12. Nxe5 Nxe5 13. Be2 Qh4 14. h3 Qe7 15. Na2 Bd6 16. f4 Ng6 17. e5 Bb8 18. Bc5 Ba7 19. Bxa7 Rxa7 20. g3 b6 21. Rd6 Qd8 22. Nb4 Ne7 23. Rad1 Rc7 24. Qe4 a5 25. Bd3 g6 26. Nc2 Bb7 27. Qd4 Nd5 28. Ne3 Rc5 29. Bb5 Bc6 30. Bxc6 Rxc6 31. Nxd5 Rxd6 32. Nf6+ Qxf6 33. Qxd6 Qf5 34. Kh2 Qc2+ 35. Rd2 Qxa4 36. Qxb6 Qb4 37. Qxb4 axb4 38. Rxd7 Rc8 39. Rd2 b3 40. Kg2 Rc2 41. Rf2 Kf8 42. Kf3 Ke7 43. Ke3 Rc5 44. Rd2 f6 45. exf6+ Kxf6 46. Rd3 Rb5 47. Kd4 Kf5 48. Kc4 Rb8 49. Re3 h6 50. Re5+ Kf6 51. Re3 h5 52. Rxb3 Rxb3 53. Kxb3 Kf5 54. Kc4 h4 55. gxh4 Kxf4 56. b4 e5 57. b5 Kf3 58. b6 e4 59. b7 e3 60. b8Q e2 61. Qf8+ Kg3 62. Qe7 Kf2 63. Qf6+ Ke3 64. Qg5+ Kf2 65. Qf4+ Kg2 66. Qe3 Kf1 67. Qf3+ 1-0

[Event "Mittelrhein Verbandsliga-M 15/16"]
[Site "Nordrheinwestfalen"]
[Date "2015.09.06"]
[Round "1.6"]
[White "Olschewski, Martin"]
[Black "Ipekyilmaz, Tayfun"]
[Result "1/2-1/2"]
[WhiteElo "1729"]
[BlackElo "1623"]
[PlyCount "40"]
[EventDate "2015.09.06"]
[EventType "team-tourn"]
[EventRounds "11"]
[EventCountry "GER"]
[SourceTitle "EXT 2022"]
[Source "ChessBase"]
[SourceDate "2021.10.06"]
[SourceVersion "1"]
[SourceVersionDate "2021.10.06"]
[SourceQuality "1"]
[WhiteTeam "Eikamp Freibauer"]
[BlackTeam "Langenfeld II"]
[WhiteTeamCountry "GER"]
[BlackTeamCountry "GER"]

1. e4 e5 2. Nf3 Nc6 3. Bb5 f5 4. exf5 e4 5. Qe2 Qe7 6. Bxc6 dxc6 7. Nd4 c5 8. Ne6 Bxe6 9. fxe6 Qxe6 10. Nc3 Nf6 11. d3 0-0-0 12. dxe4 Re8 13. f3 Bd6 14. 0-0 Rhg8 15. Bd2 g5 16. Rae1 Nh5 17. g3 Bxg3 18. hxg3 Nxg3 19. Qg2 Nxf1 20. Rxf1 Qe5 1/2-1/2

[Event "Cologne Longerich op-B 12th"]
[Site "Cologne"]
[Date "2015.08.01"]
[Round "2"]
[White "Ipekyilmaz, Tayfun"]
[Black "Kuehlwein, Ralf"]
[Result "1/2-1/2"]
[WhiteElo "1692"]
[BlackElo "1412"]
[PlyCount "38"]
[EventDate "2015.07.31"]
[EventType "tourn"]
[EventRounds "5"]
[EventCountry "GER"]
[SourceTitle "EXT 2017"]
[Source "ChessBase"]
[SourceDate "2016.10.25"]
[SourceVersion "1"]
[SourceVersionDate "2016.10.25"]
[SourceQuality "1"]

1. e4 c5 2. f4 d6 3. Nf3 g6 4. Bc4 Bg7 5. 0-0 e6 6. Nc3 Ne7 7. d3 Nbc6 8. Bd2 0-0 9. h4 d5 10. Bb3 Nd4 11. Ne5 Nec6 12. Nxc6 bxc6 13. h5 Nxb3 14. axb3 Bd4+ 15. Rf2 Bxf2+ 16. Kxf2 Qh4+ 17. Kg1 Qe7 18. Qf3 d4 19. Ne2 e5 1/2-1/2

[Event "Cologne Longerich op-B 11th"]
[Site "Cologne"]
[Date "2014.08.02"]
[Round "3"]
[White "Ipekyilmaz, Tayfun"]
[Black "Vjazner, Lilian"]
[Result "1/2-1/2"]
[WhiteElo "1603"]
[BlackElo "1448"]
[PlyCount "71"]
[EventDate "2014.08.01"]
[EventType "swiss"]
[EventRounds "5"]
[EventCountry "GER"]
[SourceTitle "EXT 2022"]
[Source "ChessBase"]
[SourceDate "2021.10.06"]
[SourceVersion "1"]
[SourceVersionDate "2021.10.06"]
[SourceQuality "1"]

1. e4 c5 2. f4 d6 3. Nc3 g6 4. Nf3 Bg7 5. Bb5+ Bd7 6. Bxd7+ Qxd7 7. Qe2 Nc6 8. d3 Nf6 9. Bd2 0-0 10. 0-0-0 Rfe8 11. h3 d5 12. Ne5 Nxe5 13. fxe5 d4 14. exf6 dxc3 15. Bxc3 Bxf6 16. Bxf6 exf6 17. Qf2 Qe6 18. Qxc5 Qxa2 19. Qa3 Qxa3 20. bxa3 Rac8 21. Rhf1 Rc3 22. Rxf6 Rxa3 23. Rdf1 Ra1+ 24. Kb2 Rxf1 25. Rxf1 Re6 26. c3 f6 27. g4 h6 28. h4 Kf7 29. g5 hxg5 30. hxg5 Ke7 31. gxf6+ Rxf6 32. Rg1 Re6 33. Rg4 Kf6 34. d4 b5 35. Kb3 a5 36. c4 1/2-1/2